Uplatnenie informačných systémov v každodennej praxi lekárov a sestier

Podrobná bibliografia
Hlavný autor: Baška, Tibor, 1969- (Autor)
Médium: Článok
Jazyk:slovenčina
ISSN:1335-4477
Predmet:

MARC

LEADER 00000nab a2200000 a 4500
001 vtls000756112
003 SK-MaSNL
005 20260303190420.0
008 140303c2001 xo 0 slo
015 |a SNBRB2001/05-14383 
035 |a CLN000107899 
040 |a SNKBUCL  |b slo  |c SNKBUCL  |e AACR2 
041 0 |a slo 
044 |a xo  |c SK 
080 |a 614.2:681.3  |2 1997 
100 1 |a Baška, Tibor,  |d 1969-  |4 aut  |9 188361 
245 1 0 |a Uplatnenie informačných systémov v každodennej praxi lekárov a sestier  |c Tibor Baška 
650 0 7 |a zdravotníctvo  |x systémy informačné  |2 snkbucl  |9 839844 
650 0 7 |a lekárska informatika  |2 snkbucl  |9 66618 
650 0 7 |a systémy informačné  |x zdravotníctvo  |2 snkbucl  |9 839845 
655 7 |a články z novín a časopisov  |2 snkbucl  |9 267496 
773 0 |t Zdravotnícke noviny  |g Roč. 6, č. 5 (2001)  |x 1335-4477 
773 0 |t [Príl.] Lekárske listy  |g Č. 5 (2001), s. 3  |x 1335-4477 
850 |a Slovenská národná knižnica v Martine 
852 |a SNK  |b KIS3GCP 
958 |a MI 
992 |a RBX 
999 |c 2136145  |d 2138075